| 000 | 00322 a2200109 4500 | ||
|---|---|---|---|
| 001 | 63501 | ||
| 082 | _a958.1044 HAM | ||
| 090 |
_c37516 _d37516 |
||
| 100 | _aHammond Thomas T | ||
| 245 | _aRed Flag over Afghanistan: The communist coup, the Soviet invasion and the consequences | ||
| 260 |
_aLahore _bPAF Book Club _c1984 |
||
| 942 |
_aNUST-CAE _k958.1044 HAM |
||
| 999 |
_c298574 _d298574 |
||